Score 0/12 Timer 03:00
0 Plays Today
% Correct
Chiron and Demetrius
62.2%
Alarbus
59.8%
Martius and Quintus
58.5%
Lavinia
58.5%
Aaron
57.7%
Mutius
57.4%
Nurse
54.5%
Bassianus
52.9%
Clown
52.4%
Tamora
49.3%
Saturninus
49.3%
Titus
48.8%
Remove Ads.
Support Sporcle.
Get the best of Sporcle when you Go Orange. This ad-free experience offers more features, more stats, and more fun while also helping to support Sporcle. Thank you for becoming a member.

You're not logged in!

Compare scores with friends on all Sporcle quizzes.
OR
Log In

Sporcle TV

Today on Sporcle TV


Watch our educational content, quiz creation guides, and fun videos on Sporcle TV.

Show Comments

Extras

Top Quizzes Today


Score Distribution

Paid Content

Your Account Isn't Verified!

In order to create a playlist on Sporcle, you need to verify the email address you used during registration. Go to your Sporcle Settings to finish the process.

Report this User

Report this user for behavior that violates our Community Guidelines.

Details: